Normal view
MARC view
Entry Personal Name
001 - CONTROL NUMBER
- control field: 561597
003 - CONTROL NUMBER IDENTIFIER
- control field: OSt
005 - DATE AND TIME OF LATEST TRANSACTION
- control field: 20220930192807.0
008 - FIXED-LENGTH DATA ELEMENTS
- fixed length control field: 220930|| aca||aabn | a|a d
040 ## - CATALOGING SOURCE
- Original cataloging agency: OSt
- Transcribing agency: OSt
100 ## - HEADING--PERSONAL NAME
- Personal name: Kachru Usha
670 ## - SOURCE DATA FOUND
- Source citation: Work cat.: (OSt)895632: Kachru Usha, Evaluation of intravenous anaesthetics as inducing agent in different surgical procedure, 1973
